| 000 | 00350nam a2200145Ia 4500 | ||
|---|---|---|---|
| 008 | 230917s9999||||xx |||||||||||||| ||und|| | ||
| 040 |
_e22972 _aMAIN |
||
| 041 | _aEnglish | ||
| 082 | _a301.426 S84A | ||
| 100 | _aSatya, Prakash | ||
| 245 | 0 | _aAdministering family planning | |
| 260 |
_aRohtak _bRachna _c1979 |
||
| 300 | _av, 128 p. | ||
| 942 | _cBK | ||
| 999 |
_c209689 _d209689 |
||